| 000 | 00000nam 2200000zi 4500 |
| 001 | 9.892888 |
| 003 | CaOODSP |
| 005 | 20250902140205 |
| 006 | m o d f |
| 007 | cr cn||||||||| |
| 008 | 201027s2019 quca ob f000 0 fre d |
| 040 | |aCaOODSP|bfre|erda|cCaOODSP |
| 043 | |an-cn--- |
| 086 | 1 |aR5-719/3-2019F-PDF |
| 245 | 00|aProcessus de collaboration sur l'inscription des Indiens, l'appartenance à une bande et la citoyenneté des Premières Nations : |brapport au Parlement. |
| 264 | 1|a[Gatineau, Québec] : |bGouvernement du Canada = Government of Canada, |c2019. |
| 300 | |a1 ressource en ligne (1 volume (pagination multiple)) : |billustrations en couleur |
| 336 | |atexte|btxt|2rdacontent/fre |
| 337 | |ainformatique|bc|2rdamedia/fre |
| 338 | |aressource en ligne|bcr|2rdacarrier/fre |
| 500 | |aPublié aussi en anglais sous le titre : Collaborative process on Indian registration, band membership and First Nation citizenship: report to Parliament. |
| 500 | |aPublié par : Relations Couronne-Autochtones et affaires du Nord. |
| 500 | |a« Juin 2019. » |
| 500 | |aPublié aussi en format HTML. |
| 504 | |aComprend des références bibliographiques. |
| 610 | 16|aCanada. |tLoi sur les Indiens. |
| 610 | 16|aCanada. |tCharte canadienne des droits et libertés. |
| 650 | 6|aAutochtones|xDroit|zCanada. |
| 650 | 6|aFemmes autochtones|xDroit|zCanada. |
| 650 | 6|aAutochtones|xDroits|zCanada. |
| 650 | 6|aFemmes autochtones|xDroits|zCanada. |
| 650 | 6|aDiscrimination à l'égard des femmes|xDroit|zCanada. |
| 710 | 1 |aCanada. |bRelations Couronne-Autochtones et affaires du Nord Canada, |eorganisme de publication. |
| 775 | 08|tCollaborative process on Indian registration, band membership and First Nation citizenship : |w(CaOODSP)9.891160 |
| 856 | 40|qPDF|s1.65 Mo|uhttps://publications.gc.ca/collections/collection_2020/rcaanc-cirnac/R5-719-3-2019-fra.pdf |
| 856 | 4 |qHTML|sS.O.|uhttps://www.rcaanc-cirnac.gc.ca/fra/1560878580290/1568897675238 |